000 00658nam a22002057a 4500
999 _c2442
_d2442
003 AR-CdUCM
008 190304b ||||| |||| 00| 0 spa d
040 _aMUNICIPALIDAD PROVINCIAL DEL CUSCO
_cBIBLIOTECA MUNICIPAL DEL CUSCO
082 _a920.61 /
_bA58
100 _aAngles Vargas, Víctor
_94559
245 _aMis Recuerdos a Pedazos /
260 _aCusco :
_bStudio Creativo Punto Com SAC ,
_c2006.
300 _a387 páginas ;
_c20.5 cm.
500 _aAnecdotario de Víctor Angles Vargas
650 _aLiteratura Cusqueña
_97280
650 _aLiteratura Peruana
_9132
650 _aAnecdotario Peruano
_98755
942 _2ddc
_cLIBROS
945 _artm